| Tag |
First Indicator |
Second Indicator |
Subfields |
| LEADER |
00000cam a2200000 i 4500 |
| 001 |
in00000067049 |
| 005 |
20151008051305.0 |
| 008 |
790731s1978 sp 00010 spa |
| 010 |
|
|
|a 79360769
|
| 015 |
|
|
|a Sp***
|
| 020 |
|
|
|a 8432295167
|
| 035 |
|
|
|a (OCoLC)05444597
|
| 035 |
|
|
|9 AAG7004AM
|
| 040 |
|
|
|a DLC
|c DLC
|d TXA
|d UtOrBLW
|
| 041 |
0 |
|
|a fre
|a spa
|
| 049 |
|
|
|a TXAM
|c [1405538]
|
| 050 |
0 |
0 |
|a PQ6601.L2
|b P64
|
| 082 |
0 |
|
|a 861/.6/2
|
| 100 |
1 |
|
|a Alberti, Rafael,
|d 1902-1999.
|
| 245 |
1 |
3 |
|a El poeta en la calle ;
|b De un momento a otro ; Vida bilingue de un refugiado espanol en Francia /
|c Rafael Alberti.
|
| 250 |
|
|
|a 1. ed.
|
| 264 |
|
1 |
|a Barcelona :
|b Seix Barral,
|c 1978.
|
| 300 |
|
|
|a 168 pages ;
|c 19 cm.
|
| 336 |
|
|
|a text
|b txt
|2 rdacontent
|
| 337 |
|
|
|a unmediated
|b n
|2 rdamedia
|
| 338 |
|
|
|a volume
|b nc
|2 rdacarrier
|
| 500 |
|
|
|a French or Spanish.
|
| 700 |
1 |
2 |
|a Alberti, Rafael,
|d 1902-1999.
|t De un momento a otro. 1978.
|
| 700 |
1 |
2 |
|a Alberti, Rafael,
|d 1902-1999.
|t Vida bilingue de un refugiado espanol en Francia. 1978.
|
| 740 |
3 |
|
|a De un momento a otro. 1978.
|
| 740 |
0 |
|
|a Vida bilingue de un refugiado espanol en Francia. 1978.
|
| 999 |
|
|
|a MARS
|
| 999 |
f |
f |
|s edaa49cf-e6ea-3571-869a-29c8a9b2bc36
|i 15bf2fb6-506f-3721-ada0-1929b494049a
|t 0
|
| 952 |
f |
f |
|p ric
|a Texas A&M University
|b Rellis Campus
|c Joint Library Facility
|d Remote Storage
|t 0
|e PQ6601.L2 P64
|h Library of Congress classification
|i unmediated -- volume
|m A14803812453
|
| 998 |
f |
f |
|a PQ6601.L2 P64
|t 0
|l Remote Storage
|